| 000 | 00426nam a22001697a 4500 | ||
|---|---|---|---|
| 003 | NUST - PNEC | ||
| 005 | 20170116181012.0 | ||
| 008 | 150913b xxu||||| |||| 00| 0 eng d | ||
| 020 | _a- | ||
| 040 | _cLIBRARY | ||
| 082 | _a005.7565 INM | ||
| 100 |
_910287 _aInmon, W. H. |
||
| 245 |
_aORACLE: Building high performance online systems _cW. H. Inmon |
||
| 260 | _cc.1991 | ||
| 650 |
_910290 _aORACLE _xMIS |
||
| 942 |
_2ddc _cBK |
||
| 999 |
_c67159 _d67159 |
||